00535cam a22001813a 450000100060000000300060000600500170001200800410002904000150007004200070008510000350009224500760012726000290020350600300023251600200026283000290028285600420031135930PGUSA20140828083755.0110811s2011||||xxu|||||s|||||000 | eng d aPGUSAbeng adc1 aJefferies, Richard,d1848-188710aBevis :bThe Story of a Boyh[electronic resource] /cRichard Jefferies bProject Gutenberg,c2011 aPublic domain in the USA. aElectronic text 0aProject Gutenbergv3593040uhttp://www.gutenberg.org/ebooks/35930